| 000 | 01187 a2200241 4500 | ||
|---|---|---|---|
| 001 | 60367 | ||
| 005 | 20260407155854.0 | ||
| 008 | 260407a1990 arg spa d | ||
| 003 | AR-UNSa-BCEJYS | ||
| 040 |
_aAR-UNSa-BCEJYS _bspa _cAR-UNSa-BCEJYS |
||
| 080 |
_a658.012.4 _xGestión. Dirección. Autoridad. Técnicas y métodos de gestión (gestión del conocimiento, Outsourcing, Benchmarking...) |
||
| 245 | 1 | 0 |
_aEconomía de la empresa _pTeoría y práctica de la gestión empresarial |
| 020 | _a978-84-234-0931-0 | ||
| 250 | _a5a. ed. | ||
| 264 | 1 |
_aBilbao : _bEdiciones Deusto _c1990 |
|
| 300 |
_a245 p. _c23 cm. |
||
| 505 | _a1. Empresa y orden económico - 2. Objeto e historia de la economía de la empresa – 3. Conceptos y fundamentos de la Economía de la empresa – 4. La dirección de la empresa – 5. La actividad productiva de la empresa – 6. La actividad de ventas en la empresa – 7. La actividad financiera de la empresa – 8. La contabilidad como instrumento de control de la actividad de la empresa - | ||
| 041 | _aspa | ||
| 942 | _cBK | ||
| 590 | _aniveau_biblio:m niveau_hierar:0 | ||
| 100 | 1 | _aGutenberg, Erich | |
| 700 | 1 | _aGarcía Echevarria, Santiago | |
| 999 |
_c6936 _d6936 |
||